<The> Western European Union and NATO building a European defence identity within the context of Atlantic solidarity
Enregistré dans:
| Auteur principal: | |
|---|---|
| Format: | Livre |
| Langue: | anglais |
| Publié: |
London
Brassey's (UK)
1989
|
| Collection: | Brassey's Atlantic comentaries
no. 2 |
| Sujets: | |
| Tags: |
Pas de tags, Soyez le premier à ajouter un tag!
|
MARC
| LEADER | 00000nam a2200000 4500 | ||
|---|---|---|---|
| 001 | c103090 | ||
| 005 | 20221123135920.4 | ||
| 020 | |a 0-08-037340-2 | ||
| 041 | 0 | |a eng | |
| 044 | |a GB | ||
| 245 | 1 | 0 | |a <The> Western European Union and NATO |b building a European defence identity within the context of Atlantic solidarity |c Alfred Cahen |
| 264 | 1 | |a London |b Brassey's (UK) |c 1989 | |
| 300 | |a 114 s. | ||
| 490 | 1 | |a Brassey's Atlantic comentaries |v no. 2 | |
| 830 | 0 | |a Brassey's Atlantic comentaries |v no. 2 | |
| 610 | 2 | 0 | |a armáda |
| 610 | 2 | 0 | |a spolupráca medzinárodná |
| 610 | 2 | 0 | |a spolužitie mierové |
| 610 | 2 | 0 | |a NATO |
| 610 | 2 | 0 | |a Európska únia |
| 100 | 1 | |a Cahen, Alfred | |